Т. 18, № 11; Нано-и микросистемная техника

Detalles Bibliográficos
Parent link:Нано-и микросистемная техника: ежемесячный междисциплинарный теоретический и прикладной научно-технический журнал/ Издательство "Новые технологии". Т. 18, № 11.— , 2005-
Idioma:ruso
Publicado: 2016
Formato: MixedMaterials Libro
KOHA link:https://koha.lib.tpu.ru/cgi-bin/koha/opac-detail.pl?biblionumber=570663

MARC

LEADER 00000nam2a2200000 4500
001 570663
005 20231101125050.0
035 |a (RuTPU)RU\TPU\prd\268292 
090 |a 570663 
100 |a 20161222a20059999m y0rusy50 ca 
101 0 |a rus 
102 |a RU 
200 0 |a Т. 18, № 11 
210 |d 2016 
461 1 |0 (RuTPU)RU\TPU\prd\34102  |t Нано-и микросистемная техника  |o ежемесячный междисциплинарный теоретический и прикладной научно-технический журнал  |f Издательство "Новые технологии"  |v Т. 18, № 11  |d 2005- 
801 0 |a RU  |b 63413507  |c 20010227  |g PSBO 
801 1 |a RU  |b 63413507  |c 20161222 
801 2 |a RU  |b 63413507  |c 20230523  |g RCR 
942 |c BK 
999 |a НТБ_ТПУ  |b НФ  |e -1/20160111  |p П-9372  |s 1/20160622  |u 0,00  |v 1